000
00261nam a22001217a 4500
020
_a
8176487198
082
_a
331.4
100
_a
Nayan Barua
245
_a
Women entrepreneurship
260
_a
New Delhi
_b
APH publishing
_c
2005
300
_a
250p
942
_c
BK
999
_c
3511
_d
3511